000 00424nam a2200205Ia 4500
001 004450
003 YMCAF
005 20230512160300.0
008 100717s1971 ||||||||||||||||| ||und|d
024 _a4450
035 _a4447
040 _aYMCAF
_beng
_cIN-KoLT
041 _aeng
082 _aELE-CRA
100 _aCRANE P.W.
245 0 _aELECTRONICS FOR TECH.
260 _c1971
300 _a230
942 _2ddc
_cBK
999 _c3518
_d3518